LEADER 00930nam0-2200325---450- 001 990008295870403321 005 20060315133850.0 010 $a958-653-295-X 035 $a000829587 035 $aFED01000829587 035 $a(Aleph)000829587FED01 035 $a000829587 100 $a20060315d2001----km-y0itay50------ba 101 0 $aspa 102 $aCO 105 $ay---n---001yy 200 1 $aConstitución política de Colombia 210 $aBogotà$aBuenos Aires$aSantiago$cLegis$dStampa 2001 215 $aXL, 388 p.$d20 cm 300 $aincluye: versíon en CD ROM 305 $aedición conmemorativa 10 años 676 $a342.861$v12 rid.$zita 710 01$aColumbia :$bCorte constitucional$0500009 801 0$aIT$bUNINA$gRICA$2UNIMARC 901 $aBK 912 $a990008295870403321 952 $aM 240$bs.i.$fDSS 959 $aDSS 996 $aConstitución política de Colombia$9745957 997 $aUNINA LEADER 00933nas--22003731i-450- 001 990006424410403321 011 $a0373-5478 035 $a000642441 035 $aFED01000642441 035 $a(Aleph)000642441FED01 035 $a000642441 100 $a20010102a1987----km-y0itay50------ba 101 0 $afre 102 $aFR 110 $aaka-------- 200 1 $aArchives d'histoire doctrinale et littéraire du Moyen Age 207 0$aA. I (1926)- 210 $aParis$cJ. Vrin$d1987 215 $av.$d25 cm 326 $aAnnuale 421 1$1001$12001 422 1$1001$12001 430 1$1001$12001 440 1$1001$12001 676 $a940.105 801 0$aIT$bUNINA$gRICA$2UNIMARC 901 $aSE 912 $a990006424410403321 951 $aFR 69 959 $aFLFBC 959 $aPER 996 $aARCHIVES d'histoire doctrinale et littèraire du Moyen Age$9534948 997 $aUNINA 998 $a1987-2000 LEADER 01182nam0 22003133i 450 001 UFI0233023 005 20251003044428.0 010 $a0792397002 100 $a20081126d1996 ||||0itac50 ba 101 | $aeng 102 $aus 181 1$6z01$ai $bxxxe 182 1$6z01$an 200 1 $aMeta-heuristics$etheory & applications$fedited by Ibrahim H. Osman and James P. Kelly 210 $aBoston$cKluwer Academic Publisher$d©1996 215 $aX, 690 p.$d24 cm. 676 $a519.6$9OTTIMIZZAZIONE MATEMATICA$v14 676 $a519.64$9OTTIMIZZAZIONE COMBINATORIA$v22 702 1$aOsman$b, Ibrahim H.$3UFIV119046 702 1$aKelly$b, James Patrick$f <1959- >$3UFIV119047 712 12$aMeta-Heuristics international conference$d <1.$f ; 1995$e ; Breckenridge>$3NAPV130994$4070 801 3$aIT$bIT-000000$c20081126 850 $aIT-BN0095 901 $bNAP 01$cSALA DING $n$ 912 $aUFI0233023 950 0$aBiblioteca Centralizzata di Ateneo$b1 v.$c1 v.$d 01SALA DING 519.6 METH$e 0102 0000028365 VMA A4 1 v.$fY $h19970930$i19970930 977 $a 01 996 $aMeta-heuristics$91576027 997 $aUNISANNIO